000
00270nam a22001217a 4500
041
_a
ENG
100
_a
Bhatia.K.B
245
_a
Practical A.C.And D.C. Motor Winding
260
_a
Delhi
_b
Standard Pub
_c
1998
300
_a
124
650
_a
EOES
856
_u
EOES ( 14 )
999
_c
1114
_d
1114